MMPI-2 based classification of forensic psychiatric outpatients : An exploratory cluster analytic study /

Bibliographic Details
Main Author: Nieberding, Ron J.
Other Authors: Gacono, Carl B., Pirie, Mark
Format: Libro
Language:English

MARC

LEADER 00000cam a2200000 a 4500
001 000226
003 UAHC_CL
005 20170803115622.0
008 030905b xx j 000 1 eng
040 |a UAHC_CL  |c UAHC_CL  |d UAHC_CL 
100 1 |a Nieberding, Ron J. 
245 1 0 |a MMPI-2 based classification of forensic psychiatric outpatients :  |b An exploratory cluster analytic study /  |c Ron J. Nieberding , Carl B. Gacono , Mark Pirie ... [et al.]. 
500 |a En: Journal of Clinical Psychology. -- Vol.59, N¼9 (2003), p. 907-920 
700 1 |a Gacono, Carl B. 
700 1 |a Pirie, Mark. 
942 |c BK 
999 |c 226  |d 226